000 00874nam a22002777a 4500
005 20170206095433.0
010 _aENG-106786
020 _a9781259064081
_c365.00
020 _a1259064085
_c365.00
035 _aEN-90319
035 _aB-529675-700
037 _bDBAD / PUB
037 _bUBH/Ven
_adpl
082 _a485
082 _a480
100 _aBhardwaj, A.P.
245 _aCompulsory English for Civil and Judicial Services /
_cby A.P. Bhardwaj
250 _a2nd ed
260 _aNew Delhi
_bTata McGraw-Hill
_c2013
270 _aP-24, Green Park Extension
_bNew Delhi
_e110016
300 _avarious pagings
_c24cm(pbk)
490 _aMcGraw Hill education winning edge series
520 _a13-14EN
942 _adpl
_cEN
_2ddc
_mBHA
_h480
999 _c74137
_d74137